header

Supercomputers (Record no. 64189)

MARC details
000 -LEADER
fixed length control field 01383nam a2200325Ia 4500
245 00 - TITLE STATEMENT
Title Supercomputers
260 ## - PUBLICATION, DISTRIBUTION, ETC. (IMPRINT)
Place of publication Washington, D.C. :
Name of publisher National Academy Press,
Year of publication 1989.
300 ## - PHYSICAL DESCRIPTION
Number of Pages x, 102 p. :
Other physical details ill.
500 ## - GENERAL NOTE
General note Proceedings of a symposium on supercomputers held at the National Academy of Sciences complex on September 8 and 9, 1988.
General note AIP director: Allan R. Hoffman.
General note Board chairman: Joseph F. Traub.
650 #0 - SUBJECT ADDED ENTRY--TOPICAL TERM
Topical Term Supercomputers
Topical Term Computer science.
700 1# - ADDED ENTRY--PERSONAL NAME
Personal name Hoffman, Allan R.
Personal name Traub, J. F.
856 40 - ELECTRONIC LOCATION AND ACCESS
Uniform Resource Identifier http://site.ebrary.com/lib/rucke/Doc?id=10055257

No items available.

© 2026 Rongo University
Contact us: librarian | system librarian | Rongo university